000 00345nam a2200145Ia 4500
008 230312s9999||||xx |||||||||||||| ||und||
020 _a81-224-2746-2
082 _a612.015
_bKHO-A
100 _aKhopker;S.M
245 0 _aAnalytical Chemistry
260 _bNew Age
_aIndia
_c2014
300 _a361
650 _aMedical
_vChemistry
942 _cBK
999 _c15094
_d15094